Manual de derecho romano : (Registro nro. 34244)

Detalles MARC
000 -LEADER
fixed length control field 01117nam a2200265 4500
001 - CONTROL NUMBER
control field 0000014061
003 - CONTROL NUMBER IDENTIFIER
control field CO-CtgCURN
005 - DATE AND TIME OF LATEST TRANSACTION
control field 20250429224000.0
007 - PHYSICAL DESCRIPTION FIXED FIELD--GENERAL INFORMATION
fixed length control field ta
008 - FIXED-LENGTH DATA ELEMENTS--GENERAL INFORMATION
fixed length control field 160627s1994 000 0 eng d
040 ## - CATALOGING SOURCE
Original cataloging agency CO-CtgCURN
Language of cataloging spa
Transcribing agency coctgcurn
082 0# - DEWEY DECIMAL CLASSIFICATION NUMBER
Classification number 349.3702
Item number S15m1
100 1# - MAIN ENTRY--PERSONAL NAME
Personal name Sánchez Ibarra, José Azahel.
245 10 - TITLE STATEMENT
Title Manual de derecho romano :
Remainder of title concepto general del derecho romano, historia de las formas de gobierno, sistematizacion de las instituciones de derecho privado /
Statement of responsibility, etc. José Azahel Sánchez Ibarra.
260 ## - PUBLICATION, DISTRIBUTION, ETC.
Place of publication, distribution, etc. Bogotá :
Name of publisher, distributor, etc. Ediciones Juridica Radar,
Date of publication, distribution, etc. 1994.
300 ## - PHYSICAL DESCRIPTION
Extent xlii, 346 p.
336 ## - CONTENT TYPE
Source rdacontent
337 ## - MEDIA TYPE
Source rdamedia
Media type term sin mediacion
Media type code n
338 ## - CARRIER TYPE
Source rdacarrier
Carrier type term volumen
Carrier type code nc
505 8# - FORMATTED CONTENTS NOTE
Formatted contents note Aspectos generales del dercho.--Italia antigua condiciones geograficas.--Etapas de la historia de roma.--Evolucion institucional de la republica.--Monarquia absoluta.--Familia romana
650 14 - SUBJECT ADDED ENTRY--TOPICAL TERM
Topical term or geographic name entry element Derecho romano
Form subdivision Manuales.
908 ## - PUT COMMAND PARAMETER (RLIN)
Put command parameter 160627
942 ## - ADDED ENTRY ELEMENTS (KOHA)
Koha item type Libros
Classification part 349.3702
Item part S15m1
Source of classification or shelving scheme Dewey Decimal Classification
Existencias
Withdrawn status Lost status Source of classification or shelving scheme Damaged status Not for loan Collection Home library Current library Shelving location Date acquired Inventory number Total checkouts Full call number Barcode Date last seen Date last checked out Price effective from Koha item type Public note
    Dewey Decimal Classification     General Miguel Henríquez Castañeda Miguel Henríquez Castañeda General 04/29/2025 006017 1 349.3702 S15m1 006017 08/27/2025 08/25/2025 04/29/2025 Libros 340-DEREC